00779 2200217 4500001002100000005001500021035002000036007000300056008004100059020002200100082001000122084001600132100003200148245006700180260003100247300004900278700003000327700003200357520015600389600001600545INLIS00000000000233220260407083714 a0010-0426000010ta260407 j 0 ind  a978-602-467-863-0 a571.6 a571.6 TES s0 aTessa Febiani ( Pengarang )1 aSel /cTessa Febiani; editor, Ayu Prameswary, Windrati Hapsari aJakarta :bErlangga,c2023 a32 hlm :biIus,bergambar,berwarna ;c28,5 cm0 aAyu Prameswary ( Editor )0 aWindrati Hapsari ( Editor ) aBerapa banyak sel dalam tubuh manusia ? Bagaimana cara sel bekerja ? Cari tahu dan pahami bagaimana tubuh manusia berfungsi dalam ensiklopedia ini !. 4aBiologi sel